Angažovanosť Číny vo svetovom hospodárstve v kontexte historického a súčasného rozvoja bakalárska práca

Saved in:
Bibliographic Details
Main Author: Čekmeová, Petra
Corporate Author: Fakulta medzinárodných vzťahov EU. Katedra medzinárodných ekonomických vzťahov a hospodárskej diplomacie
Other Authors: Grešš, Martin, 1978-
Format: Book
Language:Slovak
Published: Bratislava 2012
Tags: Add Tag
No Tags, Be the first to tag this record!

MARC

LEADER 00000nbm a2200000 4500
001 0153573
005 20161109111754.3
041 0 |a slo 
044 |a SK 
245 1 0 |a Angažovanosť Číny vo svetovom hospodárstve v kontexte historického a súčasného rozvoja  |b bakalárska práca  |c Petra Čekmeová ; školiteľ: Martin Grešš 
264 1 |a Bratislava  |c 2012 
300 |a 42 s. 
100 1 |a Čekmeová, Petra 
700 1 |a Grešš, Martin, 1978- 
710 2 |a Fakulta medzinárodných vzťahov EU. Katedra medzinárodných ekonomických vzťahov a hospodárskej diplomacie